|
|
|
|
| LEADER |
00821nab a2200229 i 4500 |
| 001 |
publ38010 |
| 005 |
20251010151750.0 |
| 008 |
251010s2017 hu o 000 eng d |
| 022 |
|
|
|a 1755-375X
|
| 024 |
7 |
|
|a 10.1111/aos.13344
|2 doi
|
| 024 |
7 |
|
|a 3255501
|2 mtmt
|
| 040 |
|
|
|a SZTE Publicatio Repozitórium
|b hun
|
| 041 |
|
|
|a eng
|
| 100 |
1 |
|
|a Kaarniranta Kai
|
| 245 |
1 |
4 |
|a The Nobel Prized cellular target autophagy in eye diseases
|h [elektronikus dokumentum] /
|c Kaarniranta Kai
|
| 260 |
|
|
|c 2017
|
| 300 |
|
|
|a 335-336
|
| 490 |
0 |
|
|a ACTA OPHTHALMOLOGICA
|v 95 No. 4
|
| 650 |
|
4 |
|a Klinikai orvostan
|
| 700 |
0 |
1 |
|a Petrovski Goran
|e aut
|
| 700 |
0 |
1 |
|a Kauppinen Anu
|e aut
|
| 856 |
4 |
0 |
|u http://publicatio.bibl.u-szeged.hu/38010/1/ActaOphthalmologica-2017-Kaarniranta-TheNobelPrizedcellulartargetautophagyineyediseases.pdf
|z Dokumentum-elérés
|